Campeones de la Premier League - Estadísticas

Estadísticas generales
  • Esta prueba ha sido intentada 1.145 veces
    433 desde el último reinicio
  • La puntuación promedio es 101 de 126
Estadísticas de respuestas
Temporada Campeón % Correcto
1900-1901 | 1905-1906 | 1921-1922 | +17 others Liverpool
100%
1936-1937 | 1967-1968 | 2011-2012 | +6 others Manchester City
100%
2018-2019 Manchester CIty
100%
1907-1908 | 1910-1911 | 1951-1952 | +17 others Manchester United
100%
1954-1955 | 2004-2005 | 2005-2006 | +3 others Chelsea
99%
1930-1931 | 1932-1933 | 1933-1934 | +10 others Arsenal
96%
2015-2016 Leicester City
95%
1893-1894 | 1895-1896 | 1896-1897 | +4 others Aston Villa
90%
1950-1951 | 1960-1961 Tottenham Hotspur
87%
1977-1978 Nottingham Forest
80%
1890-1891 | 1914-1915 | 1927-1928 | +6 others Everton
78%
1904-1905 | 1906-1907 | 1908-1909 | 1926-1927 Newcastle United
75%
1911-1912 | 1913-1914 | 1994-1995 Blackburn Rovers
65%
1968-1969 | 1973-1974 | 1991-1992 Leeds United
64%
1891-1892 | 1892-1893 | 1894-1895 | +3 others Sunderland
56%
1953-1954 | 1957-1958 | 1958-1959 Wolverhampton Wanderers
42%
1920-1921 | 1959-1960 Burnley
38%
1897-1898 Sheffield United
37%
1961-1962 Ipswich Town
33%
1902-1903 | 1903-1904 | 1928-1929 | 1929-1930 Sheffield Wednesday
31%
1971-1972 | 1974-1975 Derby County
25%
1888-1889 | 1889-1890 Preston North End
25%
1948-1949 | 1949-1950 Portsmouth
22%
1919-1920 West Bromwich Albion
20%
1923-1924 | 1924-1925 | 1925-1926 Huddersfield Town
12%
No se encontraron pruebas coincidentes
Distribución de puntuación
Porcentaje de gente con cada puntuación
Porcentaje por número respondido
Historial de tus puntuaciones
No has intentado esta prueba desde el último reinicio